| 000 | 00352nam a22001457a 4500 | ||
|---|---|---|---|
| 003 | SGT | ||
| 020 | _a978-93-5540-204-2 | ||
| 082 |
_a572.2 _bLAL |
||
| 100 | _aLAL, DALPAT | ||
| 245 | _aFUNDAMENTALS OF PLANT BIOCHEMISTRY and BIOTECHNOLOGY | ||
| 260 |
_aDELHI _bKALYANI _c2022 |
||
| 300 | _a285 | ||
| 650 | _aPLANT BIOCHEMISTRY | ||
| 942 |
_2ddc _cBK _030 |
||
| 999 |
_c25669 _d25669 |
||